Europe newsletter (Record no. 119240)

MARC details
000 -LEADER
fixed length control field 00392cas a22001695a 4500
001 - CONTROL NUMBER
control field L148312
008 - FIXED-LENGTH DATA ELEMENTS--GENERAL INFORMATION
fixed length control field 090902c2009 xxkfr p 0 a0eng u
035 ## - SYSTEM CONTROL NUMBER
System control number (Sirsi) u148312
041 0# - LANGUAGE CODE
Language code of text/sound track or separate title eng
110 2# - MAIN ENTRY--CORPORATE NAME
Corporate name or jurisdiction name as entry element Urban Land Institute
9 (RLIN) 3094
245 00 - TITLE STATEMENT
Title Europe newsletter
260 ## - PUBLICATION, DISTRIBUTION, ETC.
Name of publisher, distributor, etc. ULI
Date of publication, distribution, etc. 2009-
362 0# - DATES OF PUBLICATION AND/OR SEQUENTIAL DESIGNATION
Dates of publication and/or sequential designation 1(1) Jan 2009-
554 ## -
-- 2 issues per year
651 #4 - SUBJECT ADDED ENTRY--GEOGRAPHIC NAME
Geographic name Europe
942 ## - ADDED ENTRY ELEMENTS (KOHA)
Suppress in OPAC 0

No items available.